KOHA-Header-6

Abdul Sattar Edhi : An Autobiography A Mirror To The Blind (Record no. 5926)

000 -LEADER
fixed length control field 00300nam a2200109Ia 4500
008 - FIXED-LENGTH DATA ELEMENTS--GENERAL INFORMATION
fixed length control field 190906s9999||||xx |||||||||||||| ||und||
100 ## - MAIN ENTRY--PERSONAL NAME
Personal name Tehmina Durrani
245 #0 - TITLE STATEMENT
Title Abdul Sattar Edhi : An Autobiography A Mirror To The Blind
260 ## - PUBLICATION, DISTRIBUTION, ETC. (IMPRINT)
Place of publication, distribution, etc New York
Name of publisher, distributor, etc Addison -Wesley
Date of publication, distribution, etc 2001
300 ## - PHYSICAL DESCRIPTION
Extent 380
942 ## - ADDED ENTRY ELEMENTS (KOHA)
Koha item type Books
Holdings
Withdrawn status Lost status Source of classification or shelving scheme Damaged status Not for loan Collection code Permanent Location Current Location Shelving location Date acquired Total Checkouts Full call number Barcode Date last seen Date checked out Price effective from Koha item type
          English Literature MAJU MAJU Shelf No.A13 2019-09-06 1 361.3205 4205 2022-05-09 2022-05-09 2019-09-06 English Literature

Powered by Koha